| 000 | 00857nam a22002177a 4500 | ||
|---|---|---|---|
| 999 |
_c19582 _d19582 |
||
| 003 | AR-CdUCM | ||
| 008 | 190518b ||||| |||| 00| 0 spa d | ||
| 040 |
_aMUNICIPALIDAD PROVINCIAL DEL CUSCO _cBIBLIOTECA MUNICIPAL DEL CUSCO |
||
| 082 |
_a610.73 / _bR62 |
||
| 100 |
_aRines, Alice R. _941005 |
||
| 245 | _aEvaluación del aprendizaje en enfermería / | ||
| 260 |
_aMexico : _bFournier, _c1973. |
||
| 300 |
_a96 paginas ; _c22 cm. |
||
| 505 | _aContenido : La necesidad de estudiar la evaluación por observación -- Principios y propósitos de la evaluación -- Instrumentos de evaluación -- Evaluación y aprendizaje... | ||
| 650 |
_aEnfermería _921000 |
||
| 650 |
_aTeorías del aprendizaje _941006 |
||
| 650 |
_aEvaluaciones _97871 |
||
| 700 |
_aGazcón Alarcon, Nelly (Traducción) _941007 |
||
| 942 |
_2ddc _cLIBROS |
||
| 945 |
_awnts _d2019-05-18 |
||